| 000 | 00821nam a2200241 i 4500 | ||
|---|---|---|---|
| 003 | DO-SdBNP | ||
| 005 | 20230818085208.0 | ||
| 006 | a||||fr|||| 00| 0 | ||
| 007 | ta | ||
| 008 | 230817e2001 dr a|||| |||| 00| 0 spa d | ||
| 040 |
_aDO-SdBNP _bspa _cBNPHU _erda |
||
| 082 | 1 |
_222 _bS715s |
|
| 100 | 1 |
_aSosa, José Rafael, _d1950- _940541 _eautor |
|
| 245 | 1 | 0 |
_aSer secretaria... : _bmagia y bondad de una profesión. / _cJosé Rafael Sosa; portada e ilustraciones internas: Cristian Henríquez |
| 264 | 1 |
_aSanto Domingo : _bBúho, _c2001 |
|
| 300 |
_a34 páginas : _bIlustraciones ; _c21 cm. |
||
| 336 |
_2rdacontent _atexto _btxt |
||
| 337 |
_2rdamedia _asin mediación _bn |
||
| 338 |
_2rdacarrier _avolumen _bnc |
||
| 590 | _aInventariado 2023 / MF | ||
| 700 | 1 |
_aHenríquez, Cristian, _eilustrador _983983 |
|
| 942 |
_2ddc _cLF2 |
||
| 999 |
_c54459 _d54459 |
||